Revista del Museo de La Plata (Registro nro. 17095)
[ vista simple ]
| 000 -CABECERA | |
|---|---|
| Campo de control | 00272as aa2200097a 44500 |
| 090 ## - CLASIFICACIÓN LOCAL | |
| Colección | SERIADAS |
| Consecutivo | 00955 |
| 041 0# - IDIOMA | |
| Código de idioma para texto/pista de sonido o título separado | |
| 245 10 - MENCION DE TITULO | |
| Título | Revista del Museo de La Plata |
| 260 ## - PUBLICACION, DISTRIBUCION, ETC. (PIE DE IMPRENTA) | |
| Nombre del editor, distribuidor, etc. | Universidad Nacional de La Plata. Facultad Cienicas Naturales y Museo |
| Lugar de publicación, distribución, etc. | 12 |
| 942 ## - ELEMENTOS ADICIONALES (KOHA) | |
| Tipo de ítem | Periodica o revista |
| Withdrawn status | Lost status | Damaged status | No para préstamo | Colección | Fecha publicación (Año) | Volumen revista | Número revista | Inventariado | Ubicación Permanente | Ubicación actual | Fecha de adquisición | Fuente de Valor | Total Checkouts | Número topográfico | Inventario / Código de Barras | Date last seen | Ejemplar | Price effective from | Forma de adquisición | Tipo de material |
|---|---|---|---|---|---|---|---|---|---|---|---|---|---|---|---|---|---|---|---|---|
| Hemeroteca | 1980 | 12 | 121 | Inventariado 2017 | Villa de Leyva | Villa de Leyva | 21/03/2001 | Desconocido | SERIADAS 00955 | 008990 | 25/03/2015 | 1 | 25/03/2015 | Periodica o revista |